| 000 | 00619pam a2200241 a 4500 | ||
|---|---|---|---|
| 001 | 4377344 | ||
| 005 | 20180829045514.0 | ||
| 008 | 910108s1991 paua b 001 0 eng c | ||
| 010 | _a 91006873 | ||
| 020 | _a0721629709 | ||
| 040 |
_aDNLM/DLC _cDLC _dDLC |
||
| 041 | _aeng | ||
| 060 | _aWC 680 T857 | ||
| 080 | _a616.988 | ||
| 082 | 0 | 0 |
_a616.988 _220 |
| 100 | _a3 | ||
| 101 | _aSHM | ||
| 245 | 0 | 0 | _aHunter's tropical medicine. |
| 504 | _aIncludes bibliographical references and index. | ||
| 906 |
_a7 _bcbc _corignew _d1 _eocip _f19 _gy-gencatlg |
||
| 942 |
_2ddc _cBK |
||
| 999 |
_c47402 _d47402 |
||